Popularne albumy rap/trap tygodnia 13-19.08.21 - Statystyki

Ogólne statystyki
  • Ten quiz został rozwiązany 7 razy
  • Średni wynik to 8 z 15
Statystyki odpowiedzi
Wykonawca Data Wydania Album % Poprawnych
Mata 17 stycznia 2020 100 dni do matury
100%
Oki, Young Igi, Otsochodzi 7 maja 2021 OIO
100%
Bedoes & Lanek 29 listopada 2019 Opowieści Z Doliny Smoków
71%
Sobel 16 kwietnia 2021 Pułapka Na Motyle
71%
Bedoes & Lanek 15 stycznia 2021 Rewolucja Romantyczna
71%
Ekipa 26 czerwca 2021 Sezon 3
57%
Białas & White 2115 7 maja 2021 Diamentowy Las
43%
Chivas 21 maja 2021 Nauczyłem Się Przeklinać
43%
Guzior 4 grudnia 2020 PLEŚŃ
43%
Tymek 13 sierpnia 2021 Popularne
43%
White 2115 28 sierpnia 2020 Rockstar: Do Zachodu Słońca
43%
Zdechły Osa 28 maja 2021 Sprzedałem Dupe
43%
Żabson 1 lutego 2021 Ziomalski Mixtape
43%
Kizo 23 października 2020 Posejdon
29%
Jacuś 4 grudnia 2020 Gucci Trip
14%
Nie znaleziono quizów pasujących do podanych kryteriów
Rozkład punktacji
Procent ludzi z każdym wynikiem
Percentyl według liczby udzielonych odpowiedzi
Twoja historia wyników
Nie rozwiązałeś tego quizu